Internal-combustion engines (Record no. 20584)

000 -LEADER
fixed length control field 00522nam a22001931 4500
001 - CONTROL NUMBER
control field 20584
003 - CONTROL NUMBER IDENTIFIER
control field BD-DhUET
008 - FIXED-LENGTH DATA ELEMENTS--GENERAL INFORMATION
fixed length control field 750306s1945 nyua b 000 0 eng
040 ## - CATALOGING SOURCE
Original cataloging agency DLC
Transcribing agency DLC
Modifying agency BD-DhUET
082 ## - DEWEY DECIMAL CLASSIFICATION NUMBER
Classification number 621.43
Item number MAL/1945
100 ## - MAIN ENTRY--PERSONAL NAME
Personal name Maleev, V. L.
245 10 - TITLE STATEMENT
Title Internal-combustion engines
Remainder of title theory and design
250 ## - EDITION STATEMENT
Edition statement 2nd ed.
260 ## - PUBLICATION, DISTRIBUTION, ETC. (IMPRINT)
Place of publication, distribution, etc. London
Name of publisher, distributor, etc. McGraw-Hill
Date of publication, distribution, etc. 1945
300 ## - PHYSICAL DESCRIPTION
Extent xii, 636 p.
Other physical details ill.
Dimensions 22 cm.
504 ## - BIBLIOGRAPHY, ETC. NOTE
Bibliography, etc Includes bibliographies
650 #0 - SUBJECT ADDED ENTRY--TOPICAL TERM
Topical term or geographic name as entry element Internal combustion engines
942 ## - ADDED ENTRY ELEMENTS (KOHA)
Koha item type General Book
Holdings
Withdrawn status Copy number Date acquired Koha item type Piece designation (barcode) Location (home branch) Shelving location Koha date last seen Koha normalized classification for sorting Source of classification or shelving scheme Damaged status Price effective from Lost status Koha full call number Not for loan Sublocation or collection (holding branch)
 12015-04-12General Book20397Central Library, BUETCirculation section2015-04-12621_430000000000000_MAL_1945  2015-04-12 621.43/MAL/1945 Central Library, BUET
 22015-04-13General Book6558Central Library, BUETCirculation section2015-04-13621_430000000000000_MAL_1945  2015-04-13 621.43/MAL/1945 Central Library, BUET
 32015-04-13General Book1951aCentral Library, BUETCirculation section2015-04-13621_430000000000000_MAL_1945  2015-04-13 621.43/MAL/1945 Central Library, BUET
 42015-04-18General Book11309Central Library, BUETCirculation section2015-04-18621_430000000000000_MAL_1945  2015-04-18 621.43/MAL/1945 Central Library, BUET
 52015-06-16Reading Item43348Central Library, BUETReading section2015-06-16621_430000000000000_MAL_1945  2015-06-16 621.43/MAL/1945 Central Library, BUET
 62015-06-30Reading Item16327Central Library, BUETReading section2015-06-30621_430000000000000_MAL_1945  2015-06-30 621.43/MAL/1945 Central Library, BUET
 72015-07-02Reading Item43347Central Library, BUETReading section2015-07-02621_430000000000000_MAL_1945  2015-07-02 621.43/MAL/1945 Central Library, BUET